000 00455nam a2200181Ia 4500
001 9572
005 20260306161728.0
008 260306t2013||||xx |||||||||||||| ||spa||
041 _aESP
082 _a382.1
_bG71
100 _aGonzález López, Francisco
_eAUT
245 0 _aNegocios internacionales:
_bbreve glosario de términos
260 _c2013
300 _a97 páginas :
_c30 cm.
650 _aGEN
654 _aCAN
942 _cLIB
_dJUS
_fJUS
_2ddc
_n
999 _c9572
_d9572